|
|
|
|
| LEADER |
00000nam0a2200000 4500 |
| 001 |
215068 |
| 005 |
20231101225936.0 |
| 010 |
|
|
|a 9785777705211
|
| 035 |
|
|
|a (RuTPU)RU\TPU\book\234963
|
| 090 |
|
|
|a 215068
|
| 100 |
|
|
|a 20120503d2011 k y0rusy50 ca
|
| 101 |
0 |
|
|a rus
|
| 102 |
|
|
|a RU
|
| 105 |
|
|
|a y z 001zd
|
| 200 |
1 |
|
|a Россия и Франция. XVIII-XX века
|e [сборник]
|f Российская академия наук (РАН), Институт всеобщей истории (ИВИ) ; сост. П. П. Черкасов
|h Вып. 10
|
| 210 |
|
|
|a Москва
|c Весь Мир
|d 2011
|
| 215 |
|
|
|a 347 с.
|
| 320 |
|
|
|a Сведения об авторах: с. 342-343.
|
| 330 |
|
|
|a В "юбилейном", 10-м выпуске сборника представлены материалы по истории российско-французских отношений за последние 300 лет. Специалисты по истории Франции и России разных периодов найдут в нем много ценного и полезного, как для исследовательской, так и для преподавательской работы. Французская диаспора в России в XVIII-XX вв., французы в русском масонстве в век Просвещения, посольство барона де Баранта в России в 1835-1841 гг., русско-французский торговый договор 1857 г., Франсуа Гизо в зеркале русской публицистики середины XIX века, жизнь и смерть генерала Н.В. Селиверстова, одного из руководителей Третьего отделения, Франция 1900 г. глазами российского посла в Париже, князя Л. Урусова, политический и духовный путь Пьера Паскаля, авторитетного французского русиста, постсоветская Россия в оценках отечественных и французских политологов — таковы темы некоторых статей, включенных в сборник. Очевидный интерес представляют помещаемые в сборнике и снабженные научными комментариями неизвестные ранее документы из российских (АВПРИ и РГВИА) и французских (Библиотека современной международной документации, г. Нантер) архивов. В выпуск также включены краткие биографические справки о послах Франции в постсоветской России в 1992-2011 гг. Для специалистов и всех, кто интересуется отечественной и всеобщей историей.
|
| 606 |
1 |
|
|a Россия и Франция
|x Международные отношения
|x История
|2 stltpush
|3 (RuTPU)RU\TPU\subj\64899
|9 81596
|
| 610 |
1 |
|
|a 18 век
|
| 610 |
1 |
|
|a 19 век
|
| 610 |
1 |
|
|a 20 век
|
| 610 |
1 |
|
|a российско-французские отношения
|
| 610 |
1 |
|
|a французская диаспора
|
| 610 |
1 |
|
|a масонство
|
| 610 |
1 |
|
|a дипломатические отношения
|
| 610 |
1 |
|
|a культурные отношения
|
| 610 |
1 |
|
|a исторические документы
|
| 686 |
|
|
|a Т3(2)-6
|v LBC/SL-A
|2 rubbk
|
| 702 |
|
1 |
|a Черкасов
|b П. П.
|4 220
|
| 712 |
0 |
2 |
|a Российская академия наук (РАН)
|b Институт всеобщей истории (ИВИ)
|c (1991- )
|c (Москва)
|2 stltpush
|3 (RuTPU)RU\TPU\col\156
|
| 801 |
|
1 |
|a RU
|b 63413507
|c 20120503
|
| 801 |
|
2 |
|a RU
|b 63413507
|c 20120702
|g RCR
|
| 942 |
|
|
|c BK
|
| 959 |
|
|
|a 69/20120502
|d 1
|e 270,00
|f ЧЗГЛ:1
|